Načítá se...

Optical communication systems /

Podrobná bibliografie
Hlavní autor: Gowar, John
Médium: Printed Book
Jazyk:English
Vydáno: New Delhi: Prentice-Hall of India, 2001.
Vydání:Ed.2
LEADER 00772nam a2200157Ia 4500
008 121027s9999 xx 000 0 eng d
020 |a 8120308344 
082 |a 621.380414  |b GOW/O 
100 |a Gowar, John 
245 |a Optical communication systems / 
250 |a Ed.2 
260 |a New Delhi:  |b Prentice-Hall of India,  |c 2001. 
300 |a 696p 
505 |a 1. General introductory discussion 2. Elementary discussion of propagation in dielectric waveguides 3. Material dispersion 4. Total dispersion in multimode and monomode fibers 5. Attenuation mechanisms in optical fibers 6. Inelastic scattering and no 
999 |c 53579  |d 53579 
952 |0 0  |1 0  |4 0  |6 621_380414000000000_GOW_O  |7 0  |9 53557  |a UL  |b UL  |c ST1  |d 2012-10-27  |l 3  |o 621.380414 GOW/O  |p 76863  |r 2015-06-24  |s 2015-05-22  |w 2012-10-27  |y BK